<?xml version="1.0" encoding="UTF-8"?>
<collection xmlns="http://www.loc.gov/MARC21/slim">
<record>
  <controlfield tag="001">107112</controlfield>
  <controlfield tag="005">20210909132526.0</controlfield>
  <datafield tag="037" ind1=" " ind2=" ">
    <subfield code="a">TAZ-TFG-2021-994</subfield>
  </datafield>
  <datafield tag="041" ind1=" " ind2=" ">
    <subfield code="a">spa</subfield>
  </datafield>
  <datafield tag="100" ind1="1" ind2=" ">
    <subfield code="a">García Castaño, Alex</subfield>
  </datafield>
  <datafield tag="242" ind1="0" ind2="0">
    <subfield code="a">Physiotherapy Intervention after Rotator Cuff Repair Surgery</subfield>
  </datafield>
  <datafield tag="245" ind1="0" ind2="0">
    <subfield code="a">Intervención fisioterápica tras cirugía de reparación de manguito rotador</subfield>
  </datafield>
  <datafield tag="260" ind1=" " ind2=" ">
    <subfield code="a">Zaragoza</subfield>
    <subfield code="b">Universidad de Zaragoza</subfield>
    <subfield code="c">2021</subfield>
  </datafield>
  <datafield tag="506" ind1=" " ind2=" ">
    <subfield code="a">by-nc-sa</subfield>
    <subfield code="b">Creative Commons</subfield>
    <subfield code="c">3.0</subfield>
    <subfield code="u">http://creativecommons.org/licenses/by-nc-sa/3.0/</subfield>
  </datafield>
  <datafield tag="520" ind1=" " ind2=" ">
    <subfield code="a">INTRODUCCIÓN: El hombro es la articulación más inestable del cuerpo humano y de las que más lesiones sufre. Dentro estas patologías, la rotura del manguito de los rotadores es una de las más comunes, aunque hay controversia en la opción terapéutica, en su abordaje y no está demostrado un protocolo de fisioterapia de elección por su mayor eficacia. &lt;br />OBJETIVOS: Desarrollar un plan de tratamiento fisioterápico en una paciente intervenida de rotura de manguito rotador (tendón supraespinoso) y valorar su eficacia.&lt;br />METODOLOGÍA: Diseño intrasujeto (n=1) de tipo AB. Tras una valoración inicial se desarrolla un tratamiento fisioterápico de 16 semanas de duración, divido en tres fases, utilizando como base el ejercicio terapéutico y la terapia manual, cuyo objetivo es reducir la sintomatología dolorosa y recuperar el rango de movimiento, fuerza muscular y funcionalidad del hombro. Se realizan valoraciones sucesivas incluyendo: escalas EVA del dolor, escalas de medición de sensibilidad, inspección visual estática y dinámica, palpación y búsqueda de puntos gatillo miofasciales, balance articular y muscular, perímetros indicadores del trofismo muscular y escalas de funcionamiento de hombro y de calidad de vida de la paciente.&lt;br />RESULTADOS: Se produce durante el estudio una disminución de la sintomatología dolorosa hasta su desaparición, un aumento el rango de movilidad articular del hombro y de la fuerza muscular y una mejora del funcionamiento del hombro y de la calidad de vida.&lt;br />CONCLUSIÓN: El plan de intervención de fisioterapia seguido, se muestra eficaz para la recuperación funcional del hombro en este caso, permitiendo a su vez la recuperación de las capacidades habituales de la paciente. &lt;br />&lt;br /></subfield>
  </datafield>
  <datafield tag="521" ind1=" " ind2=" ">
    <subfield code="a">Graduado en Fisioterapia</subfield>
  </datafield>
  <datafield tag="540" ind1=" " ind2=" ">
    <subfield code="a">Derechos regulados por licencia Creative Commons</subfield>
  </datafield>
  <datafield tag="700" ind1=" " ind2=" ">
    <subfield code="a">Coarasa Liron de Robles, Ana Carmen Josefina</subfield>
    <subfield code="e">dir.</subfield>
  </datafield>
  <datafield tag="710" ind1="2" ind2=" ">
    <subfield code="a">Universidad de Zaragoza</subfield>
    <subfield code="b"> </subfield>
    <subfield code="c"></subfield>
  </datafield>
  <datafield tag="856" ind1="0" ind2=" ">
    <subfield code="f">759315@unizar.es</subfield>
  </datafield>
  <datafield tag="856" ind1="4" ind2=" ">
    <subfield code="s">890558</subfield>
    <subfield code="u">http://zaguan.unizar.es/record/107112/files/TAZ-TFG-2021-994.pdf</subfield>
    <subfield code="y">Memoria (spa)</subfield>
  </datafield>
  <datafield tag="909" ind1="C" ind2="O">
    <subfield code="o">oai:zaguan.unizar.es:107112</subfield>
    <subfield code="p">driver</subfield>
    <subfield code="p">trabajos-fin-grado</subfield>
  </datafield>
  <datafield tag="950" ind1=" " ind2=" ">
    <subfield code="a"></subfield>
  </datafield>
  <datafield tag="980" ind1=" " ind2=" ">
    <subfield code="a">TAZ</subfield>
    <subfield code="b">TFG</subfield>
    <subfield code="c">EUCS</subfield>
  </datafield>
  <datafield tag="999" ind1=" " ind2=" ">
    <subfield code="a">20210603132257.CREATION_DATE</subfield>
  </datafield>
  <datafield tag="951" ind1=" " ind2=" ">
    <subfield code="a">deposita:2021-09-09</subfield>
  </datafield>
</record>
</collection>